000 00351nam a2200133Ia 4500
008 210210b1975 xxu||||| |||| 00| 0 eng d
082 _a320.12 BERM
100 _aBERGMAN (Edward F).
245 _aModern political geography.
260 _aLowa, USA.
_bWMC Brown Co. publishers
_c1975
300 _a408
690 _aPolitical Thought
906 _a040371
999 _c90413
_d90413